Quizzes
Events
Quiz Creation
Community
Videos
Private Events
Remove Ads
Sign In
Join for FREE
Feedback
Dark Mode
Quiz Categories
Sports
Geography
Music
Movies
Television
Just For Fun
Miscellaneous
History
Literature
Language
Science
Gaming
Entertainment
Religion
Holiday
For Kids
Quiz Lab
Recent
Popular Today
Quiz Kudos Today
Editor Picks
Curator Picks
Quizzes by...
Day
Popularity
Type
Ratings
Length
Year
Community
Subscriptions
Recent Discussions
Orange Saloon
Badges
Playlists
Quests
Create
Leaderboards
Showdown
Live 5
Trivia Bingo
Activity
Puzzle Library
Sporcle Events
Private Events
Virtual Trivia
Globe League
Become a Host
Pub Owners
SporcleCon
Opinionation
Our Games
Videos
Blog
Mobile Apps
Partnerships
Remove Ads and Go Orange
Feedback
Miscellaneous
Crossword
General Knowledge
Baby Names
Logo
Food
Cars
Numbers
Grab Bag
University
College
Popular
Company
Slogans
Restaurants
Justice
Letter
Miscellaneous
Crossword
General Knowledge
Baby Names
Logo
Food
Cars
Numbers
Grab Bag
University
College
Popular
Company
Slogans
Restaurants
Justice
Letter
Random Quiz
Search Sporcle
×
Quiz Lab
Quiz Lab
Miscellaneous
Prize
Type in answers that appear in a list
Type in answers that appear in a list
Classic
Best Score? Go Orange.
Pulitzer Prize Winning Newspapers Stats
Can you name the Newspapers that won the Pulitzer Prize for Public Service?
By
Andymac
10m
90 Questions
130 Plays
130 Plays
130 Plays
Comments
Comments
Give Quiz Kudos
Give Quiz Kudos
-
- Ratings
hide this ad
More Info
Replay
Link that replays current quiz
Next Quiz
Link to next quiz in quiz playlist
You Got
0%
They Got
Avg Score
26%
Avg Friend Score
Upgrade to see
Score Distribution
Jump to the score distribution portion of the page
Score
0/90
Timer
10:00
0
Plays Today
Year
Newspaper
% Correct
1918
New York Times
99.2%
1944
New York Times
99.2%
1972
New York Times
99.2%
2002
New York Times
99.2%
2004
New York Times
99.2%
1973
Washington Post
90%
1999
Washington Post
90%
2000
Washington Post
90%
2008
Washington Post
90%
1942
Los Angeles Times
80.8%
1960
Los Angeles Times
80.8%
1969
Los Angeles Times
80.8%
1984
Los Angeles Times
80.8%
2005
Los Angeles Times
80.8%
1966
Boston Globe
66.9%
1975
Boston Globe
66.9%
2003
Boston Globe
66.9%
2007
Wall Street Journal
55.4%
1951
Miami Herald
51.5%
1993
Miami Herald
51.5%
1978
Philadelphia Inquirer
46.9%
1990
Philadelphia Inquirer
46.9%
1947
Baltimore Sun
41.5%
1986
Denver Post
34.6%
1950
Chicago Daily News
30.8%
1945
Detroit Free Press
30%
1937
St. Louis Post-Dispatch
29.2%
1941
St. Louis Post-Dispatch
29.2%
1948
St. Louis Post-Dispatch
29.2%
1952
St. Louis Post-Dispatch
29.2%
Year
Newspaper
% Correct
1935
Sacramento Bee
27.7%
1992
Sacramento Bee
27.7%
1997
New Orleans Times-Picayune
26.9%
2006
New Orleans Times-Picayune
26.9%
1954
Newsday
21.5%
1970
Newsday
21.5%
1974
Newsday
21.5%
1931
Atlanta Constitution
20%
1922
New York World
16.9%
1924
New York World
16.9%
2001
Oregonian
16.2%
1981
Charlotte Observer
15.4%
1988
Charlotte Observer
15.4%
1964
St. Petersburg Times
14.6%
1919
Milwaukee Journal
11.5%
1967
Milwaukee Journal
11.5%
1991
Des Moines Register
10%
1982
Detroit News
8.5%
1957
Chicago Daily News
6.9%
1963
Chicago Daily News
6.9%
2009
Las Vegas Sun
6.9%
1923
Memphis Commercial Appeal
5.4%
1921
Boston Post
4.6%
1987
Pittsburgh Press
4.6%
1976
Anchorage Daily News
3.8%
1989
Anchorage Daily News
3.8%
1985
Fort Worth Star-Telegram
3.1%
1994
Akron Beacon Journal
3.1%
1996
News & Observer
3.1%
1928
Indianapolis Times
2.3%
Year
Newspaper
% Correct
1949
Nebraska State Journal
2.3%
1965
Hutchinson News
2.3%
1979
Point Reyes Light
2.3%
2010
Bristol Herald Courier
2.3%
1943
Omaha World-Herald
1.5%
1968
Riverside Press-Enterprise
1.5%
1983
Jackson Clarion-Ledger
1.5%
1998
Grand Forks Herald
1.5%
1927
Canton Daily News
0.8%
1934
Medford Mail Tribune
0.8%
1936
Cedar Rapids Gazette
0.8%
1939
Miami Daily News
0.8%
1946
Scranton Times
0.8%
1955
Columbus Ledger
0.8%
1958
Arkansas Gazette
0.8%
1961
Amarillo Globe-Times
0.8%
1995
Virgin Islands Daily News
0.8%
1926
Columbus Enquirer Sun
0%
1929
New York Evening World
0%
1932
Indianapolis News
0%
1933
New York World-Telegram
0%
1938
Bismarck Tribune
0%
1940
Waterbury Republican & American
0%
1953
Whiteville News Reporter
0%
1956
Watsonville Register-Pajaronian
0%
1959
Utica Observer-Dispatch
0%
1962
Panama City News-Herald
0%
1971
Winston-Salem Journal
0%
1977
Lufkin Daily News
0%
1980
Garnett News Service
0%
Quiz Playlist
Details
Report
Send in Message
Add To Playlist
More Info:
No awards were give in 1920, 1925
Classic:
Type in answers that appear in a list
Quiz Source
Last Updated: Feb 16, 2017
Quiz Scoreboard
CHALLENGE
Sign Up to Join the Scoreboard
Show All
Scores
Hide
Comments
May contain spoilers
Recently Published
9x9 Crossword: Cartoon Network
by jackfrog10
Miscellaneous
3m
College Basketball Coaching Resumes
by pancakes188
Sports
9m
Billboard Blitz: Fleetwood Mac
by CooCooCachoo
Music
15s
More to Explore
Quiz From the Vault
Featured Blog Post
Where Did the Easter Bunny Come From?
hide this ad
You Might Also Like...
Tags
Newspaper
Prize
Pulitzer Prize
Winning
Today's Top Quizzes in Miscellaneous
Browse Miscellaneous
hide this ad
Today's Top Quizzes in Prize
Browse Prize
Top Contributed Quizzes in Miscellaneous
1
5-to-1: Fast Food
2
The JOE quick-fire general knowledge quiz: Day 174
3
The JOE quick-fire general knowledge quiz: Day 173
4
5-to-1: Cocktails
5
The JOE quick-fire general knowledge quiz: Day 172
6
Sunday Crossword: Famous Bodies of Water
7
9x9 Crossword: Disney Movie Titles
8
The JOE quick-fire general knowledge quiz: Day 171
9
Named After an Animal - Odd One Out!
10
One Thing in Common: United Kingdom II
Explore More
Trending Topics
Crossword
NBA
Marvel
Disney
Kpop
Anime
Harry Potter
Soccer
Pokémon
The Office
Song
NFL
Puzzle
WWE
Country
hide this ad
More By:
Andymac
Quiz
Plays
Rating
Category
Featured
Created
40 Best Directors
399
3.00
Movies
Jul 29, 2010
Cities in Provence-Alpes-Cote D'Azur
245
5.00
Geography
May 8, 2011
2008 in Sports
212
3.50
Sports
Jul 28, 2010
Rolling Stone 5-Star Albums
170
5.00
Music
Jul 19, 2010
Pulitzer Prize Winning Newspapers
130
3.60
Miscellaneous
Jul 20, 2010
Go to Creator's Profile
Score Distribution
Quiz Creator Spotlight
Andymac
Follow
Send a Message
Quizzes Created
-
Created Quiz Play Count
-
More By This Creator
Popular Quizzes Today
1
Find the US States - No Outlines Minefield
2
Find the Countries of Europe - No Outlines Minefield
3
The Countries of the World
4
Find the US States
5
Risky Map Clicking: Biggest States A-Z
6
US States
7
Popular People in 1961
8
Movies - When Are They Set?
More Miscellaneous Quizzes
Guess Two, Get One Free Part II
Published
Trending Quizzes
Risky Map Clicking: Least Populous States A-Z
1-10 Letter G Words
Risky Map Clicking: Next State Alphabetically
Adjectives in 80s TV Shows
Risky Map Clicking: Biggest States A-Z
Recently Updated
Leaping Animals
pecheneg
Reality TV Shows (A-Z)
bhenderson79
Rickey Henderson's Hall of Fame Teammates
pecheneg
Champions League XIs: Arsenal
pecheneg
Quick Pick: Celebrities in WWE's Hall of Fame
aduchscher
A-Z Keypad Blitz II
pecheneg
Multiple Oscar Actors
pecheneg
Mystery Phrase Blitz: Oscar 'Best Actors'
pecheneg
F. Scott Fitzgerald Novels
LTH
Pick 3 Villains
ddd62291
Trending Topics
Kpop
Harry Potter
Crossword
Marvel
Disney
NBA
Anime
WWE
NFL
Soccer
Song
Puzzle
The Office
Pokémon
Country
Your Account Isn't Verified!
In order to create a playlist on Sporcle, you need to verify the email address you used during registration. Go to your
Sporcle Settings
to finish the process.
Report this User
Report this user for behavior that violates our
Community Guidelines
.
Details:
Send Report
Go to the Sporcle.com Mobile Site →
Comments